Statistics for Billy Joel Lyrics Quiz (Part 50)

Click here to take the quiz!

General Stats

  • This quiz has been taken 22 times
    (19 since last reset)
  • The average score is 335 of 476

Answer Stats

Answer% Correct
A
100%
a
100%
an
100%
I
100%
the
100%
The
100%
they
100%
They
100%
And
92%
and
92%
In
92%
in
92%
it
92%
It
92%
all
85%
could
85%
is
85%
it's
85%
Then
85%
there
85%
be
77%
can
77%
go
77%
know
77%
never
77%
not
77%
on
77%
So
77%
so
77%
that
77%
time
77%
time.
77%
To
77%
to
77%
would
77%
always
69%
any
69%
bottle
69%
But
69%
by
69%
By
69%
do
69%
ever
69%
For
69%
for
69%
good
69%
had
69%
here
69%
I'll
69%
me
69%
meet
69%
My
69%
nice
69%
of
69%
Or
69%
red,
69%
red
69%
That's
69%
their
69%
up
69%
We
69%
we
69%
white
69%
white,
69%
You
69%
you
69%
your
69%
'75
62%
about
62%
afford
62%
after
62%
again.
62%
apartment
62%
are
62%
as
62%
at
62%
At
62%
back
62%
big
62%
bought
62%
Can't
62%
car
62%
carpet
62%
couple
62%
crazy
62%
days
62%
did
62%
didn't
62%
divorce
62%
down
62%
end
62%
Everyone
62%
familiar
62%
family
62%
fight
62%
fine
62%
from
62%
From
62%
get
62%
going
62%
goodbye.
62%
Got
62%
got
62%
green
62%
how
62%
instead
62%
Italian
62%
job,
62%
July
62%
kind
62%
king
62%
knew
62%
life
62%
life.”
62%
live
62%
lives
62%
long
62%
look
62%
lost
62%
marriage
62%
money
62%
more
62%
much
62%
New
62%
new
62%
nights
62%
okay
62%
old
62%
our
62%
out
62%
Perhaps
62%
place
62%
queen
62%
radio
62%
remember
62%
rest
62%
Restaurant.
62%
rose
62%
said
62%
saved
62%
started
62%
steady
62%
summer
62%
table
62%
tell
62%
than
62%
these
62%
those
62%
tight
62%
too
62%
top
62%
village
62%
want
62%
was
62%
waterbed
62%
wavin'
62%
weight
62%
went
62%
were
62%
when
62%
When
62%
while
62%
wife,
62%
with
62%
years
62%
you're
62%
ago
54%
already
54%
appetite
54%
around
54%
blue
54%
boots,
54%
box
54%
bread
54%
Brenda
54%
“Brenda
54%
cause
54%
closest
54%
couldn't
54%
count
54%
course
54%
decided
54%
deep
54%
depends
54%
dime
54%
Diner
54%
Eddie
54%
Engineer
54%
face
54%
find
54%
finer
54%
friends
54%
hanging
54%
high
54%
hit
54%
hot
54%
jackets
54%
jeans
54%
just
54%
lazy
54%
leather
54%
lights
54%
looked
54%
low
54%
matter
54%
mood
54%
near
54%
Nobody
54%
office
54%
Orleans
54%
paintings
54%
Parkway
54%
parted
54%
play
54%
popular
54%
prom
54%
Riding
54%
romantic
54%
same
54%
Sears
54%
Song
54%
steadies
54%
still
54%
street
54%
style
54%
survive.
54%
sweet
54%
tears.
54%
teenage
54%
Things
54%
tonight
54%
touch
54%
upon
54%
way
54%
We'll
54%
Whatever
54%
anytime
46%
beer,
46%
best
46%
both
46%
Cold
46%
Drop
46%
greasers
46%
heard
46%
lived
46%
pick
46%
pieces
46%
show
46%
Surely
46%
told
46%
very
46%
pile
38%

Score Distribution

Percentile by Number Answered

Percent of People with Each Score

Your Score History

You have not taken this quiz since the last reset